000 01936nam a22002777a 4500
999 _c57567
_d57567
003 Ge_BSU
005 20200803122835.0
008 200731s2012 xxu||||| |||| 00| 0 geo d
020 _a9789941105029
041 _ageo
080 _a343 წ-39
100 _aწერეთელი, თინათინ
_9816
245 _aსისხლის სამართლის პრობლემები :
_bტ. 3 : მიზეზობრივი კავშირი სისხლის სამართალში /
_cთინათინ წერეთელი ; [სარედ. კოლ.: გიორგი ხუბუა (მთ. რედ.) [და სხვ.] ; წინათქმა ოთარ გამყრელიძე] ; თ. წერეთლის სახელმწიფოსა და სამართლის ინ-ტი.
264 _aთბილისი :
_bმერიდიანი,
_c2012.
300 _a704 გვ.
_c21 სმ.
504 _aბიბლიოგრაფია ტექსტის შენიშვნებში.
653 _aსისხლის სამართალი.
653 _aმიზეზობრივი კავშირი სისხლის სამართალში.
700 _aხუბუა, გიორგი
_eრედაქტორი
_99095
700 _aგამყრელიძე, ოთარ
_eრედაქტორი
_92834
700 _aბრეგვაძე, ლაშა
_eრედაქტორი
_94955
700 _aღლონტი, გიორგი
_eრედაქტორი
_92882
700 _aთოდრია, გიორგი და სხვ.
_eრედაქტორი
_92886
710 _aთ. წერეთლის სახელმწიფოსა და სამართლის ინსტიტუტი
_99096
942 _2udc
_cBK